Dejiny turistiky v Levoči

Bibliographic Details
Main Author: Rusnák, Ernest, 1924-1987 (Author)
Format: Article
Language:Slovak
PhysicalDescription:Fotogr.
ISBN:9788096945641
Subjects:

MARC

LEADER 00000nab a2200000 ar4500
001 vtls010113409
003 SK-MaSNL
005 20260303080942.0
008 100708|2009 xo |||||||||||||| ||slo
015 |a SNBRA2010/07  |2 snkbucl 
038 |a SNKBUCL 
040 |a SNKBUCL  |b slo  |e AACR2  |c SNKBUCL 
041 1 |a slo  |b ger 
044 |a xo  |c SK 
080 |a 796.5  |x (437.6)  |x (091)  |2 2001 
100 1 |a Rusnák, Ernest,  |d 1924-1987  |4 aut  |9 8185 
245 1 0 |a Dejiny turistiky v Levoči  |c Ernest Rusnák 
300 |b Fotogr. 
504 |a Bibliogr. odkazy 
546 |a Res. nem. 
650 0 7 |a turistika  |2 snkbucl  |9 683 
650 0 7 |a dejiny turistiky  |2 snkbucl  |9 72656 
651 7 |a Levoča (Slovensko)  |2 snkbucl  |9 26696 
655 7 |a štúdie  |2 snkbucl  |9 57033 
773 0 |t Z minulosti Spiša XVII  |d Levoča : Spišský dejepisný spolok, 2009  |g S. 187-218  |z 9788096945641 
852 |a SNK  |b KIS3GCP 
958 |a NB 
999 |c 1782613  |d 1784543